| 000 | 00609nam a22001817a 4500 | ||
|---|---|---|---|
| 005 | 20180517171453.0 | ||
| 010 | _aENG-123050 | ||
| 020 |
_c695.00 _a9781316641880 |
||
| 035 | _aEN-106582 | ||
| 037 | _bDBAD/PUB | ||
| 082 | _a306.09545 | ||
| 245 |
_aNortheast India: _ba place of relations / _ced.by Yasmin Saikia [and] Amit R. Baishya |
||
| 260 |
_aDelhi _bCAMBRIDGE UNIVERSITY PRESS _c2017 |
||
| 270 |
_aSplendor Forum, Plot no. 3, 3rd Floor Jasola District Centre _bDelhi _e110025 |
||
| 300 |
_axi, 291p. _c23cm (Pbk) |
||
| 500 | _aIt include index | ||
| 942 |
_2ddc _cEN _h306.09545 _mNOR |
||
| 999 |
_c152133 _d152133 |
||